Исследование условий воспламенения пылевоздушной смеси низкосортных топлив; Известия Томского политехнического университета [Известия ТПУ]; Т. 316, № 4: Энергетика
| Parent link: | Известия Томского политехнического университета [Известия ТПУ]/ Томский политехнический университет (ТПУ).— , 2000- Т. 316, № 4: Энергетика.— 2010.— [С. 52-55] |
|---|---|
| Autor principal: | |
| Altres autors: | , |
| Sumari: | Заглавие с титульного листа Электронная версия печатной публикации Исследованы условия сжигания топливной смеси, состоящей из пылевидного каменного угля Кузбасского бассейна и шлифовочной древесной пыли. Доказано, что стабильное самовоспламенение потока пылевоздушной смеси достигается через 5...7 мин после разогрева плазменного модуля. Установлено расстояние от среза сопла модуля, где достигается максимальная температура в смеси 700...900 °С, при которой происходит интенсивное горение частиц топлива. |
| Idioma: | rus |
| Publicat: |
2010
|
| Col·lecció: | Энергетика |
| Matèries: | |
| Accés en línia: | http://www.lib.tpu.ru/fulltext/v/Bulletin_TPU/2010/v316/i4/11.pdf |
| Format: | MixedMaterials Electrònic Capítol de llibre |
| KOHA link: | https://koha.lib.tpu.ru/cgi-bin/koha/opac-detail.pl?biblionumber=183135 |
MARC
| LEADER | 00000nla2a2200000 4500 | ||
|---|---|---|---|
| 001 | 183135 | ||
| 005 | 20231031171452.0 | ||
| 035 | |a (RuTPU)RU\TPU\book\198515 | ||
| 035 | |a RU\TPU\book\198513 | ||
| 090 | |a 183135 | ||
| 100 | |a 20100701d2010 k y0rusy50 ca | ||
| 101 | 0 | |a rus | |
| 102 | |a RU | ||
| 135 | |a drnn ---uucaa | ||
| 181 | 0 | |a i | |
| 182 | 0 | |a b | |
| 200 | 1 | |a Исследование условий воспламенения пылевоздушной смеси низкосортных топлив |b Электронный ресурс |f В. В. Дробчик, А. М. Шиляев, Г. Г. Волокитин | |
| 203 | |a Текст |c электронный | ||
| 215 | |a 1 файл (1.4 Мб) | ||
| 225 | 1 | |a Энергетика | |
| 230 | |a Электронные текстовые данные (1 файл : 1.4 Мб) | ||
| 300 | |a Заглавие с титульного листа | ||
| 300 | |a Электронная версия печатной публикации | ||
| 320 | |a [Библиогр.: с. 55 (9 назв.)] | ||
| 330 | |a Исследованы условия сжигания топливной смеси, состоящей из пылевидного каменного угля Кузбасского бассейна и шлифовочной древесной пыли. Доказано, что стабильное самовоспламенение потока пылевоздушной смеси достигается через 5...7 мин после разогрева плазменного модуля. Установлено расстояние от среза сопла модуля, где достигается максимальная температура в смеси 700...900 °С, при которой происходит интенсивное горение частиц топлива. | ||
| 337 | |a Adobe Reader | ||
| 461 | 1 | |0 (RuTPU)RU\TPU\book\176237 |t Известия Томского политехнического университета [Известия ТПУ] |f Томский политехнический университет (ТПУ) |d 2000- | |
| 463 | 1 | |0 (RuTPU)RU\TPU\book\198468 |x 1684-8519 |t Т. 316, № 4: Энергетика |v [С. 52-55] |d 2010 |p 214 с. | |
| 610 | 1 | |a плазменное воспламенение | |
| 610 | 1 | |a низкосортное топливо | |
| 610 | 1 | |a розжиговый канал | |
| 610 | 1 | |a электрическая дуга | |
| 610 | 1 | |a температура | |
| 610 | 1 | |a аэросмеси | |
| 610 | 1 | |a труды учёных ТПУ | |
| 610 | 1 | |a электронный ресурс | |
| 700 | 1 | |a Дробчик |b В. В. |c российский ученый, специалист в области физики плазмы |c доцент Томского политехнического университета, кандидат технических наук |f 1978- |g Виталий Викторович |2 stltpush |3 (RuTPU)RU\TPU\pers\25895 | |
| 701 | 1 | |a Шиляев |b А. М. | |
| 701 | 1 | |a Волокитин |b Г. Г. | |
| 801 | 1 | |a RU |b 63413507 |c 20090623 |g PSBO | |
| 801 | 2 | |a RU |b 63413507 |c 20211222 |g PSBO | |
| 856 | 4 | |u http://www.lib.tpu.ru/fulltext/v/Bulletin_TPU/2010/v316/i4/11.pdf | |
| 942 | |c CF | ||